| 000 | 01414cab a2200277 4500 | ||
|---|---|---|---|
| 001 | ABS52562 | ||
| 008 | 090401t1995 xxu||||| |||| 00| 0 eng d | ||
| 035 | _a(Sirsi) u84792 | ||
| 041 | _aeng | ||
| 245 | _aRobert J Moor (Upholsters) Ltd v British Coal Corporation | ||
| 260 | _c1995 | ||
| 350 | _a0 | ||
| 490 |
_aProperty and Compensation Reports _v1995 69 P&CR 275-287(13) |
||
| 520 | _aLT 9 December 1994. Raises three questions for determination: firstly whether the respondent (B) was obliged to find suitable alternative accommodation for the claimant (R) and his tenants under the Coal Mining (Subsidence) Act 1957 whilst remedial work was being carried out on shop premises; secondly whether an order should be made under s13 of the Act requiring B to carry out the works and R`s entitlement. Held that B had no duty to provide alternative accommodation for non-domestic premises and as he had been unwilling to give vacant possession it was not appropriate to make an order under s13(3)(a) of the 1957 Act. Claim for damages dismissed. | ||
| 650 | _aALTERNATIVE ACCOMMODATION | ||
| 650 | _aBUSINESS PREMISES | ||
| 650 | _aCOAL MINING (SUBSIDENCE) ACT 1957 | ||
| 650 | _aCOAL MINING | ||
| 650 | _aNON-DOMESTIC PREMISES | ||
| 650 | _aREMEDIAL WORK | ||
| 650 | _aSUBSIDENCE | ||
| 650 | _aVACANT POSSESSION | ||
| 690 | _aMINING AND MINERALS-CASE LAW | ||
| 942 | _n0 | ||
| 948 | _c04/03/1997 | ||
| 999 |
_c53321 _d53321 |
||